| 000 | 01081cam a2200325 i 4500 | ||
|---|---|---|---|
| 001 | 13226309 | ||
| 003 | EG-ScBUE | ||
| 005 | 20240331123050.0 | ||
| 008 | 030605s2000 enka f b 001 0 eng d | ||
| 020 | _a0192854046 | ||
| 020 | _a9780192854049 | ||
| 040 |
_aDLC _beng _erda _cDLC _dDLC _dEG-ScBUE |
||
| 043 | _ae-uk--- | ||
| 082 | 0 | 4 |
_222 _a936.104 _bSAL |
| 100 | 1 |
_aSalway, Peter, _eauthor. |
|
| 245 | 1 | 0 |
_aRoman Britain : _ba very short introduction / _cPeter Salway. |
| 264 | 1 |
_aOxford ; _aNew York : _bOxford University Press, _c2000. |
|
| 300 |
_a78 pages : _billustrations ; _c18 cm. |
||
| 336 |
_2rdacontent _atext _btxt |
||
| 337 |
_aunmediated _2rdamedia _bn |
||
| 338 |
_avolume _bnc _2rdacarrier |
||
| 490 | 0 |
_aVery short introductions ; _v17 |
|
| 504 | _aIncludes bibliographical references and index. | ||
| 650 | 7 |
_aRomans _zGreat Britain. _2BUEsh |
|
| 651 | 7 |
_aGreat Britain _xHistory _yRoman period, 55 B.C.-449 A.D. _2BUEsh |
|
| 651 | 7 |
_aGreat Britain _xAntiquities, Roman. _2BUEsh |
|
| 653 |
_bHHUUPPSS _cApril2017 |
||
| 655 | _vReading book | ||
| 942 |
_2ddc _cBB |
||
| 999 |
_c24746 _d24718 |
||